| 000 | 00823cam a22002651 4500 | ||
|---|---|---|---|
| 001 | sa 68015165 | ||
| 003 | DLC | ||
| 005 | 20260227112641.0 | ||
| 008 | 891204s1963 ii b 000 0 sano | ||
| 010 | _asa 68015165 | ||
| 035 | _a(OCoLC)20729530 | ||
| 040 |
_aDLC _cWaU _dDLC |
||
| 041 | 0 | _asaneng | |
| 042 | _apremarc | ||
| 050 | 0 | 0 |
_aPK3798.M16 _bP3 1963 |
| 100 | 0 |
_aMadana, _dactive 1210-1218. |
|
| 245 | 1 | 0 |
_aPārijātamañjarītyapārkhyā Vijayaśrīrnāma nāṭikā. _bParijata-Manjari, alias Vijayasri. |
| 260 |
_a[Bhopal] _c1963. |
||
| 300 |
_axxiv, 64, 32 p. _c22 cm. |
||
| 500 | _aEnglish and Sanskrit; introductory matter in English. | ||
| 504 | _aBibliographical footnotes. | ||
| 700 | 1 |
_aDikshit, Sadanand Kashinath, _d1916- _tParimalāmoda. |
|
| 740 | 0 | _aParijata-manjari. | |
| 740 | 0 | _aVijayasri. | |
| 999 |
_c86275 _d86275 |
||